MARC details
| 000 -CABECERA |
| campo de control de longitud fija |
01340nam a2200301 a 4500 |
| 001 - NÚMERO DE CONTROL |
| campo de control |
000010826 |
| 003 - IDENTIFICADOR DEL NÚMERO DE CONTROL |
| campo de control |
DO-SdBNP |
| 005 - FECHA Y HORA DE LA ÚLTIMA TRANSACCIÓN |
| campo de control |
20260206121953.0 |
| 008 - DATOS DE LONGITUD FIJA--INFORMACIÓN GENERAL |
| campo de control de longitud fija |
091012s2009 dr r 001 0 spa d |
| 020 ## - NÚMERO INTERNACIONAL ESTÁNDAR DEL LIBRO |
| Número Internacional Estándar del Libro |
9789945020809 |
| 040 ## - FUENTE DE LA CATALOGACIÓN |
| Centro catalogador/agencia de origen |
DO-SdBNP |
| Lengua de catalogación |
spa |
| Centro/agencia transcriptor |
BNPHU |
| 082 #4 - NÚMERO DE LA CLASIFICACIÓN DECIMAL DEWEY |
| Número de clasificación |
864.42 |
| Número de documento/Ítem |
B517u |
| Número de edición |
22 |
| 100 1# - ENTRADA PRINCIPAL--NOMBRE DE PERSONA |
| Nombre de persona |
Bernaldo de Quirós Pérez, Constancio, |
| Fechas asociadas al nombre |
1873-1959 |
| 9 (RLIN) |
14443 |
| 245 10 - MENCIÓN DE TÍTULO |
| Título |
Una pluma en el exilio : |
| Resto del título |
los artículos publicados por Constancio Bernaldo de Quirós en República Dominicana / |
| Mención de responsabilidad, etc. |
compilador Constancio Cassá Bernaldo de Quirós; edición Lillibel Noemí Blanco Fernández. |
| 260 ## - PUBLICACIÓN, DISTRIBUCIÓN, ETC. |
| Lugar de publicación, distribución, etc. |
Santo Domingo : |
| Nombre del editor, distribuidor, etc. |
Archivo General de la Nación, |
| Fecha de publicación, distribución, etc. |
2009. |
| 300 ## - DESCRIPCIÓN FÍSICA |
| Extensión |
448 p. : |
| Otras características físicas |
il. ; |
| Dimensiones |
23 cm. |
| 490 1# - MENCIÓN DE SERIE |
| Mención de serie |
Archivo General de la Nación |
| Designación de volumen o secuencia |
89 |
| 500 ## - NOTA GENERAL |
| Nota general |
Incluye datos biográficos del compilador en la solapa de la contracubierta. |
| 590 ## - NOTA LOCAL (RLIN) |
| Nota local |
Inventariado, 2018/BT |
| 650 #4 - PUNTO DE ACCESO ADICIONAL DE MATERIA--TÉRMINO DE MATERIA |
| Término de materia o nombre geográfico como elemento de entrada |
Ensayos españoles |
| 9 (RLIN) |
3095 |
| 650 #7 - PUNTO DE ACCESO ADICIONAL DE MATERIA--TÉRMINO DE MATERIA |
| Término de materia o nombre geográfico como elemento de entrada |
Derecho penal |
| 9 (RLIN) |
17405 |
| Subdivisión de forma |
Ensayos, conferencias, etc. |
| Fuente del encabezamiento o término |
LIBRUNAM |
| 650 #7 - PUNTO DE ACCESO ADICIONAL DE MATERIA--TÉRMINO DE MATERIA |
| Término de materia o nombre geográfico como elemento de entrada |
Criminología |
| 9 (RLIN) |
17089 |
| Subdivisión de forma |
Ensayos, conferencias, etc. |
| Fuente del encabezamiento o término |
LIBRUNAM |
| 700 1# - PUNTO DE ACCESO ADICIONAL--NOMBRE DE PERSONA |
| Nombre de persona |
Cassá Bernaldo de Quirós, Constancio, |
| Fechas asociadas al nombre |
1953-, |
| Término indicativo de función/relación |
comp. |
| 9 (RLIN) |
5204 |
| 700 1# - PUNTO DE ACCESO ADICIONAL--NOMBRE DE PERSONA |
| Nombre de persona |
Blanco Fernández, Lillibel Noemí, |
| Término indicativo de función/relación |
ed. |
| 9 (RLIN) |
26150 |
| 830 #0 - PUNTO DE ACCESO ADICIONAL DE SERIE-TÍTULO UNIFORME |
| Título uniforme |
Archivo General de la Nación |
| Número de parte o sección de la obra |
89 |
| 9 (RLIN) |
26151 |
| 910 ## - DATOS DE OPCIÓN DEL USUARIO (OCLC) |
| Datos de opción del usuario |
Validado. Control de calidad. EMS |
| 942 ## - ELEMENTOS DE PUNTO DE ACCESO ADICIONAL (KOHA) |
| Fuente del sistema de clasificación o colocación |
Dewey Decimal Classification |
| Tipo de ítem Koha |
Libro |